Countries of the German Colonial Empire - Statistics

General Stats
  • This quiz has been taken 1,247 times
    1,239 since last reset
  • The average score is 8 of 16
Answer Stats
Answer % Correct
Namibia
85%
Tanzania
77%
Cameroon
71%
Togo
65%
Papua New Guinea
61%
Rwanda
48%
Burundi
47%
Micronesia
41%
Palau
40%
Samoa
40%
Benin
39%
Marshall Islands
39%
Ghana
36%
Nauru
36%
Botswana
24%
Mauritania
12%
No matching quizzes found
Score Distribution
Percent of People with Each Score
Percentile by Number Answered
Your Score History
You have not taken this quiz since the last reset